Mystery Category #7 - Statistics

General Stats
  • This quiz has been taken 105 times
  • The average score is 6 of 14
Answer Stats
Lose a Letter, Unscramble New Word % Correct
CRASH CARS
77%
IRON RIO
71%
UNFROZE FROZEN
70%
Mystery Category Animated Movies
67%
ADVERB BRAVE
66%
HIKERS SHREK
45%
AMAZON MOANA
44%
TZARINA TARZAN
43%
MANUAL MULAN
31%
TOLLERS TROLLS
31%
CANDIDAL ALADDIN
29%
DELATING TANGLED
26%
DRAGON RANGO
12%
PORCELAIN CORALINE
3%
No matching quizzes found
Score Distribution
Percent of People with Each Score
Percentile by Number Answered
Your Score History
You have not taken this quiz